00700nam a2200169 i 4500001000700000003000900007005001700016007000300033008004100036100003800077245018600115260007200301300002200373700003900395700006400434852003200498150184ES-MaACL20260127062549.0t|071029s1969 sp ||||1| spa d1 aValle Iturriaga, José Luis del.13aEl imperio del derecho b: discurso de ingreso del señor José Luis del Valle Iturriaga leído el 17 de febrero de 1969, y contestación de... Juan Becerril y Antón Miralles. aMadrid : bReal Academia de Jurisprudencia y Legislación, c1969. a210 p. ; c23 cm.1 aBecerril y Antón-Miralles, Juan. aReal Academia de Jurisprudencia y Legislación de España aES-MaACLjC-36187 bR.69531